| 000 | 00423nam a2200169 a 4500 | ||
|---|---|---|---|
| 001 | 0000-8569 | ||
| 003 | ELIB.Books | ||
| 008 | 110520 1967 | ||
| 035 | _a(ELIB.Books)0000-8715 | ||
| 082 |
_a230 _bArm |
||
| 100 | _aArmbruster, Carl J. | ||
| 245 | _aThe Vision of Paul Tillich | ||
| 260 |
_bNew York: Sheed and Ward _c1967 |
||
| 650 | _aTheology | ||
| 942 |
_2ddc _cBK |
||
| 998 |
_cbat _e2011-05-20 |
||
| 999 |
_c8569 _d8569 |
||